000 01180nam a22003257a 4500
003 CHAP
005 20220329134131.0
008 971013s1935 r 00010 d
010 _a15916
011 _a16888
035 _a20970
040 _cCHAP
090 _aTesis
100 0 0 _aGuerrero Alcocer, Juan.
_951191
245 _a(Descripción de los problemas originados por la torrencialidad de las corrientes y de las obras destinadas a regularizar y desviar las que dan lugar a la formación de ríos que atraviesan la ciudad de México)
260 _aMéxico, D.F., :
_bEl autor,
_c1935
300 _a96 h.
_b: ilus
502 _aTesis (Ing. Civil) -- UNAM. Esc. de Ingeniería
590 _aALEPH
_b10
_c20130110
_lUCH01
_h1238
590 _aBATCH-UPD
_b10
_c20130110
_lUCH01
_h0110
590 _aBATCH-UPD
_b10
_c20130110
_lUCH01
_h1945
590 _aBATCH-UPD
_b10
_c20130410
_lUCH01
_h1307
590 _aBATCH-UPD
_b10
_c20130914
_lUCH01
_h1044
590 _aCONVERSION
_b10
_c20130109
_lUCH01
_h1310
650 1 4 _aControl de avenidas.
_927591
700 0 _aForcada Martínez, Eduardo.
_942287
901 _aBK
942 _cTESIS
949 _bBC
_cTES
_d-48978
_eTS1
_i20970
_si
999 _c15916
_d15916